=LDR 00000nam 2200000 4500 =001 INLIS00000000000001 =005 20260702043538 =020 ##$$a 979-788-208-X =082 ##$$a 027.424 =100 1#$$a Tanuwidjaja, William =245 1 $$a 101 Tips Kilat Buka Usaha Langsung Meraih Laba /$c William Tanuwidjaja =300 ##$$a 172 hlm ; 14 x 13 cm